000 00977cam a22003257a 4500
003 CHAP
005 20220329135231.0
008 971013s1961 r 00010 d
010 _a33047
011 _a34019
035 _a38135
040 _cCHAP
082 _a547
_bL6 1961
100 0 0 _aLowy, Alexander.
_968685
245 1 3 _aAn introduction to organic chemistry
250 _a7 ed. rev
260 _aNew York :
_bWiley,
_c1961
300 _a480 p.
_b: ilus.
590 _aBATCH-UPD
_b10
_c20130110
_lUCH01
_h0001
590 _aBATCH-UPD
_b10
_c20130110
_lUCH01
_h2052
590 _aBATCH-UPD
_b10
_c20130410
_lUCH01
_h1406
590 _aBATCH-UPD
_b10
_c20130914
_lUCH01
_h1734
590 _aCONVERSION
_b10
_c20130109
_lUCH01
_h1319
650 1 4 _aQuímica orgánica.
_993598
700 0 _aApfelbaum, Percy M.
_96227
700 0 _aHarrow, Benjamin.
_952916
901 _aBK
942 _cLIBRO
949 _a547 L6 1961
_bBC
_cLIBRO
_d33724000642690
_eLIBRO
_i38135
_mD
_si
_t81.25
999 _c33047
_d33047